000 00322nam a2200133Ia 4500
005 20260326235448.0
008 260326s9999||||xx |||||||||||||| ||und||
100 _aByars, Mel
245 4 _aThe Design encyclopedia /
_cMel Byars
260 _bLaurence King
300 _a832 p.
650 _aDISEÑO INDUSTRIAL
942 _cBK
999 _c7640
_d7640